[Event "WC-2015-Q-00008"]
[Site "LSS email"]
[Date "2012.09.11"]
[Round "?"]
[White "Belanoff, Stuart B"]
[Black "Noire, Eric"]
[Result "1-0"]
[WhiteElo "2213"]
[BlackElo "2242"]
[PlyCount "27"]
[EventDate "2012.09.17"]
[EventType "tourn (corr)"]
[EventRounds "10"]
[EventCountry "GER"]
[SourceTitle "Corr 2015"]
[Source "ChessBase"]
[SourceDate "2015.07.17"]
[SourceVersion "1"]
[SourceVersionDate "2015.07.17"]
[SourceQuality "1"]

1. d4 Nf6 2. Nf3 g6 3. c4 Bg7 4. e3 0-0 5. h3 d5 6. cxd5 Nxd5 7. e4 Nb6 8. Nc3 c5 9. d5 f5 10. Be2 fxe4 11. Ng5 Na6 12. 0-0 Nb4 13. Ngxe4 N4xd5 14. Nxd5 1-0

[Event "WC-2015-Q-00008"]
[Site "LSS email"]
[Date "2012.09.11"]
[Round "?"]
[White "Noire, Eric"]
[Black "Belanoff, Stuart B"]
[Result "0-1"]
[WhiteElo "2242"]
[BlackElo "2213"]
[PlyCount "20"]
[EventDate "2012.09.17"]
[EventType "tourn (corr)"]
[EventRounds "10"]
[EventCountry "GER"]
[SourceTitle "Corr 2015"]
[Source "ChessBase"]
[SourceDate "2015.07.17"]
[SourceVersion "1"]
[SourceVersionDate "2015.07.17"]
[SourceQuality "1"]

1. e4 c5 2. Nf3 Nc6 3. Bb5 d6 4. Bxc6+ bxc6 5. 0-0 e5 6. c3 Nf6 7. Re1 Be7 8. d4 Qc7 9. dxe5 dxe5 10. Bg5 Be6 0-1

[Event "WC-2012-F-00001"]
[Site "LSS email"]
[Date "2012.07.11"]
[Round "?"]
[White "Baklanov, Valentin Petrovich"]
[Black "Noire, Eric"]
[Result "1-0"]
[WhiteElo "2299"]
[BlackElo "2242"]
[PlyCount "43"]
[EventDate "2012.07.17"]
[EventType "tourn (corr)"]
[EventRounds "14"]
[EventCountry "GER"]
[SourceTitle "Telechess CBM 163"]
[Source "ChessBase"]
[SourceDate "2014.11.11"]
[SourceVersion "2"]
[SourceVersionDate "2014.11.11"]
[SourceQuality "1"]

1. c4 c5 2. Nf3 Nc6 3. g3 e5 4. Nc3 d6 5. Bg2 g6 6. 0-0 Bg7 7. d3 Nge7 8. a3 0-0 9. Rb1 a5 10. Nd2 Be6 11. Nde4 f5 12. Ng5 Bd7 13. Nf3 h6 14. e3 Be6 15. Nd2 Rb8 16. b3 Qd7 17. Nd5 b5 18. Bb2 Bf7 19. Qe2 Nxd5 20. cxd5 Ne7 21. e4 Nc8 22. a4 1-0

[Event "WC-2012-F-00001"]
[Site "LSS email"]
[Date "2012.07.11"]
[Round "?"]
[White "Noire, Eric"]
[Black "Cornel, Matei"]
[Result "0-1"]
[WhiteElo "2242"]
[BlackElo "2368"]
[PlyCount "28"]
[EventDate "2012.07.17"]
[EventType "tourn (corr)"]
[EventRounds "14"]
[EventCountry "GER"]
[SourceTitle "Corr 2015"]
[Source "ChessBase"]
[SourceDate "2015.07.17"]
[SourceVersion "1"]
[SourceVersionDate "2015.07.17"]
[SourceQuality "1"]

1. d4 d5 2. c4 c6 3. Nf3 Nf6 4. e3 a6 5. Bd3 Bg4 6. Nbd2 e6 7. 0-0 Nbd7 8. Qc2 dxc4 9. Qxc4 c5 10. a4 Rc8 11. Qb3 Qb6 12. Qxb6 Nxb6 13. b3 cxd4 14. Nxd4 Bh5 0-1

[Event "WC-2012-F-00001"]
[Site "LSS email"]
[Date "2012.07.11"]
[Round "?"]
[White "Noire, Eric"]
[Black "Noble, Mark Frederick"]
[Result "0-1"]
[WhiteElo "2242"]
[BlackElo "2396"]
[PlyCount "26"]
[EventDate "2012.07.17"]
[EventType "tourn (corr)"]
[EventRounds "14"]
[EventCountry "GER"]
[SourceTitle "Corr 2015"]
[Source "ChessBase"]
[SourceDate "2015.07.17"]
[SourceVersion "1"]
[SourceVersionDate "2015.07.17"]
[SourceQuality "1"]

1. d4 d5 2. c4 c6 3. Nf3 Nf6 4. e3 e6 5. b3 Nbd7 6. Bb2 Bd6 7. Bd3 0-0 8. Nbd2 b6 9. 0-0 Bb7 10. Ne5 c5 11. cxd5 exd5 12. Rc1 Qe7 13. Nxd7 Nxd7 0-1

[Event "WC-2012-F-00001"]
[Site "LSS email"]
[Date "2012.07.11"]
[Round "?"]
[White "Szczepanski, Zbigniew"]
[Black "Noire, Eric"]
[Result "1-0"]
[WhiteElo "2493"]
[BlackElo "2242"]
[PlyCount "49"]
[EventDate "2012.07.17"]
[EventType "tourn (corr)"]
[EventRounds "14"]
[EventCountry "GER"]
[SourceTitle "Telechess CBM 163"]
[Source "ChessBase"]
[SourceDate "2014.11.11"]
[SourceVersion "2"]
[SourceVersionDate "2014.11.11"]
[SourceQuality "1"]

1. e4 e5 2. Nf3 Nf6 3. d4 Nxe4 4. Bd3 d5 5. Nxe5 Nd7 6. Nxd7 Bxd7 7. 0-0 Bd6 8. c4 c6 9. Nc3 0-0 10. cxd5 Nxc3 11. bxc3 cxd5 12. Qh5 g6 13. Qxd5 Qc7 14. Bh6 Rfd8 15. Qf3 Qxc3 16. Qf6 Bf8 17. Bxf8 Rxf8 18. Be4 Bc6 19. Rac1 Qb4 20. Bxc6 bxc6 21. Rxc6 Rad8 22. Ra6 Qxd4 23. Qxd4 Rxd4 24. Rxa7 Rc8 25. g3 1-0

[Event "WC-2012-F-00001"]
[Site "LSS email"]
[Date "2012.07.11"]
[Round "?"]
[White "Van Seben, Edgar"]
[Black "Noire, Eric"]
[Result "1-0"]
[WhiteElo "2383"]
[BlackElo "2242"]
[PlyCount "65"]
[EventDate "2012.07.17"]
[EventType "tourn (corr)"]
[EventRounds "14"]
[EventCountry "GER"]
[SourceTitle "Telechess CBM 163"]
[Source "ChessBase"]
[SourceDate "2014.11.11"]
[SourceVersion "2"]
[SourceVersionDate "2014.11.11"]
[SourceQuality "1"]

1. d4 Nf6 2. c4 g6 3. Nc3 d5 4. cxd5 Nxd5 5. e4 Nxc3 6. bxc3 Bg7 7. Nf3 c5 8. Rb1 0-0 9. Be2 b6 10. 0-0 Bb7 11. Qd3 e6 12. Bg5 Qc7 13. Qe3 Nd7 14. Bf4 e5 15. Bg3 Rae8 16. d5 f5 17. Bh4 h6 18. exf5 gxf5 19. Rfd1 e4 20. d6 Qc8 21. Nd2 Ne5 22. Nc4 f4 23. Qd2 e3 24. fxe3 Qc6 25. Bf1 Qe4 26. d7 Nxc4 27. Bxc4+ Qxc4 28. dxe8Q Rxe8 29. Qd7 Qe4 30. Qxe8+ Qxe8 31. Rd8 Qxd8 32. Bxd8 fxe3 33. Rc1 1-0

[Event "WC-2013-T-00002"]
[Site "LSS email"]
[Date "2011.12.24"]
[Round "?"]
[White "Noire, Eric"]
[Black "Carbonell Bofill, Carlos Eloy"]
[Result "1/2-1/2"]
[WhiteElo "2235"]
[BlackElo "2296"]
[PlyCount "63"]
[EventDate "2011.12.28"]
[EventType "tourn (corr)"]
[EventRounds "12"]
[EventCountry "GER"]
[SourceTitle "Telechess CBM 167"]
[Source "ChessBase"]
[SourceDate "2015.07.13"]
[SourceVersion "1"]
[SourceVersionDate "2015.07.13"]
[SourceQuality "1"]

1. d4 e6 2. e4 d5 3. Nc3 Nf6 4. e5 Nfd7 5. f4 c5 6. Nf3 Nc6 7. Be3 Qb6 8. Na4 Qa5+ 9. c3 c4 10. b4 Qa6 11. a3 Ne7 12. Nb2 Qc6 13. a4 a5 14. b5 Qc7 15. Qc2 Nf5 16. Bc1 Be7 17. g3 0-0 18. Bh3 g6 19. Bxf5 exf5 20. Nd1 Nb6 21. h3 Be6 22. Ne3 Qd7 23. Qg2 f6 24. g4 fxg4 25. hxg4 f5 26. g5 Rf7 27. Kd2 Re8 28. Rh3 Rg7 29. Ba3 Bxa3 30. Rxa3 Ree7 31. Ra1 Kf8 32. Rh6 1/2-1/2

[Event "WC-2013-T-00002"]
[Site "LSS email"]
[Date "2011.12.24"]
[Round "?"]
[White "Noire, Eric"]
[Black "Sassler, Alan"]
[Result "0-1"]
[WhiteElo "2235"]
[BlackElo "2387"]
[PlyCount "84"]
[EventDate "2011.12.28"]
[EventType "tourn (corr)"]
[EventRounds "12"]
[EventCountry "GER"]
[SourceTitle "Telechess CBM 167"]
[Source "ChessBase"]
[SourceDate "2015.07.13"]
[SourceVersion "1"]
[SourceVersionDate "2015.07.13"]
[SourceQuality "1"]

1. e4 c5 2. Nf3 Nc6 3. Bb5 g6 4. Bxc6 bxc6 5. 0-0 Bg7 6. Re1 Nh6 7. c3 0-0 8. Qc2 e5 9. d3 d6 10. b4 cxb4 11. cxb4 Bd7 12. Nbd2 f5 13. Bb2 Nf7 14. Nb3 fxe4 15. dxe4 Qb6 16. Bc3 Bg4 17. Nfd2 Be6 18. Nf1 Ng5 19. Rad1 Rad8 20. Re3 Bg4 21. Rc1 Rf7 22. Be1 Bd7 23. Rd1 Bf8 24. a3 Ne6 25. Nfd2 Nf4 26. Nc4 Qc7 27. Nca5 Rb8 28. f3 c5 29. bxc5 Ba4 30. Qa2 d5 31. Bb4 d4 32. Ree1 Qd7 33. c6 Bxc6 34. Bxf8 Rbxf8 35. Rc1 Ba8 36. Nc5 Qe7 37. Nab3 h5 38. g3 Ne6 39. Rf1 h4 40. Qe2 Ng5 41. Nd2 hxg3 42. hxg3 Kg7 0-1

[Event "WC-2013-T-00002"]
[Site "LSS email"]
[Date "2011.12.24"]
[Round "?"]
[White "Sassler, Alan"]
[Black "Noire, Eric"]
[Result "1/2-1/2"]
[WhiteElo "2387"]
[BlackElo "2235"]
[PlyCount "54"]
[EventDate "2011.12.28"]
[EventType "tourn (corr)"]
[EventRounds "12"]
[EventCountry "GER"]
[SourceTitle "Telechess CBM 167"]
[Source "ChessBase"]
[SourceDate "2015.07.13"]
[SourceVersion "1"]
[SourceVersionDate "2015.07.13"]
[SourceQuality "1"]

1. d4 Nf6 2. b3 c5 3. e3 cxd4 4. exd4 d5 5. Nf3 Nc6 6. Bb2 Bg4 7. Be2 e6 8. 0-0 Bd6 9. h3 Bh5 10. c4 Rc8 11. Ne5 Bxe2 12. Qxe2 0-0 13. Nd2 Qa5 14. a3 dxc4 15. bxc4 Bxe5 16. dxe5 Nd7 17. Ne4 Ndxe5 18. Nd6 Rb8 19. Rfe1 Ng6 20. Rad1 Nce7 21. Qe3 Nf5 22. Nxf5 Qxf5 23. Qxa7 b5 24. c5 Rbc8 25. Bd4 Nf4 26. Qb7 Nd3 27. Rf1 Rcd8 1/2-1/2

[Event "WC-2011-F-00001"]
[Site "LSS email"]
[Date "2011.11.23"]
[Round "?"]
[White "Bubir, Alex Nikolaevich"]
[Black "Noire, Eric"]
[Result "1-0"]
[WhiteElo "2444"]
[BlackElo "2242"]
[PlyCount "52"]
[EventDate "2011.12.01"]
[EventType "tourn (corr)"]
[EventRounds "14"]
[EventCountry "GER"]
[SourceTitle "Telechess CBM 163"]
[Source "ChessBase"]
[SourceDate "2014.11.11"]
[SourceVersion "2"]
[SourceVersionDate "2014.11.11"]
[SourceQuality "1"]

1. d4 Nf6 2. c4 g6 3. Nc3 d5 4. cxd5 Nxd5 5. e4 Nxc3 6. bxc3 Bg7 7. Nf3 c5 8. Rb1 0-0 9. Be2 b6 10. 0-0 Bb7 11. Qd3 e6 12. Bg5 Qc7 13. Qe3 Nd7 14. h3 Rac8 15. Rfc1 Nf6 16. Bd3 Nh5 17. g4 Nf6 18. a4 h6 19. Bf4 Qe7 20. a5 cxd4 21. cxd4 Rxc1+ 22. Rxc1 bxa5 23. Ra1 Qb4 24. Rb1 Qe7 25. Ra1 Qb4 26. Rb1 Qe7 1-0

[Event "CP-2011-P-00005"]
[Site "LSS email"]
[Date "2011.09.30"]
[Round "?"]
[White "Khramkov, Alexey Gennadievic"]
[Black "Noire, Eric"]
[Result "0-1"]
[WhiteElo "1115"]
[BlackElo "2422"]
[PlyCount "38"]
[EventDate "2011.10.01"]
[EventType "tourn (corr)"]
[EventRounds "6"]
[EventCountry "GER"]
[SourceTitle "Telechess CBM 153"]
[Source "ChessBase"]
[SourceDate "2013.03.14"]
[SourceVersion "1"]
[SourceVersionDate "2013.03.14"]
[SourceQuality "1"]

1. e4 c5 2. Nc3 Nc6 3. f4 e6 4. Nf3 a6 5. a4 d5 6. e5 f6 7. d3 fxe5 8. fxe5 Nge7 9. Bg5 Qc7 10. Bxe7 Bxe7 11. Qe2 0-0 12. 0-0-0 b5 13. g4 Nd4 14. Nxd4 cxd4 15. Na2 Bh4 16. Re1 bxa4 17. Qd1 Rb8 18. Re2 a3 19. bxa3 Qa5 0-1

[Event "CP-2011-P-00005"]
[Site "LSS email"]
[Date "2011.09.30"]
[Round "?"]
[White "Noire, Eric"]
[Black "Jostov, Keylah"]
[Result "1-0"]
[WhiteElo "2422"]
[BlackElo "1096"]
[PlyCount "75"]
[EventDate "2011.10.01"]
[EventType "tourn (corr)"]
[EventRounds "6"]
[EventCountry "GER"]
[SourceTitle "Telechess CBM 155"]
[Source "ChessBase"]
[SourceDate "2013.07.16"]
[SourceVersion "1"]
[SourceVersionDate "2013.07.16"]
[SourceQuality "1"]

1. d4 Nf6 2. c4 g6 3. Nc3 Bg7 4. e4 d6 5. Bd3 0-0 6. Nge2 Nc6 7. 0-0 e5 8. d5 Nd4 9. Rb1 c5 10. Bg5 h6 11. Be3 Ng4 12. Bd2 Qh4 13. h3 Nf6 14. Nxd4 exd4 15. Nb5 Bxh3 16. gxh3 Qxh3 17. Qe2 Nh5 18. Nxd6 Be5 19. f4 Ng3 20. Qf3 Bxd6 21. Rf2 h5 22. Rg2 h4 23. Rh2 Qd7 24. Rxh4 Nh5 25. Rxh5 gxh5 26. Kf2 f5 27. Rg1+ Kh8 28. e5 Bc7 29. Rg5 Rg8 30. Rxh5+ Kg7 31. Bxf5 Qf7 32. Rh7+ Kf8 33. Rxf7+ Kxf7 34. Qh5+ Kf8 35. Be6 Rg7 36. Qh8+ Ke7 37. Qxg7+ Kd8 38. Qd7# 1-0

[Event "WC-2014-S-00007"]
[Site "LSS email"]
[Date "2011.07.16"]
[Round "?"]
[White "Hrubaru, Mircea"]
[Black "Noire, Eric"]
[Result "0-1"]
[WhiteElo "1946"]
[BlackElo "2422"]
[PlyCount "22"]
[EventDate "2011.07.22"]
[EventType "tourn (corr)"]
[EventRounds "6"]
[EventCountry "GER"]
[SourceTitle "Corr 2015"]
[Source "ChessBase"]
[SourceDate "2015.07.17"]
[SourceVersion "1"]
[SourceVersionDate "2015.07.17"]
[SourceQuality "1"]

1. d4 Nf6 2. c4 g6 3. Nf3 Bg7 4. Nc3 d5 5. Qb3 dxc4 6. Qxc4 0-0 7. e4 Na6 8. Bf4 c5 9. d5 e6 10. d6 Nb4 11. e5 Nfd5 0-1

[Event "WC-2014-S-00007"]
[Site "LSS email"]
[Date "2011.07.16"]
[Round "?"]
[White "Noire, Eric"]
[Black "Pascual Perez, Norge"]
[Result "1-0"]
[WhiteElo "2422"]
[BlackElo "2316"]
[PlyCount "99"]
[EventDate "2011.07.22"]
[EventType "tourn (corr)"]
[EventRounds "6"]
[EventCountry "GER"]
[SourceTitle "Telechess CBM 155"]
[Source "ChessBase"]
[SourceDate "2013.07.16"]
[SourceVersion "1"]
[SourceVersionDate "2013.07.16"]
[SourceQuality "1"]

1. d4 Nf6 2. c4 g6 3. Nc3 d5 4. cxd5 Nxd5 5. e4 Nxc3 6. bxc3 Bg7 7. Bc4 c5 8. Ne2 Nc6 9. Be3 0-0 10. 0-0 Qc7 11. Rb1 Rd8 12. Qc1 a6 13. Bf4 e5 14. Bg5 Re8 15. dxc5 Bf8 16. Bd5 Bxc5 17. c4 Be6 18. Ng3 Rec8 19. Rd1 Bg4 20. Rd3 Nb4 21. Rxb4 Bxb4 22. Rb3 Qd6 23. Bh6 Be6 24. Rxb4 Qxb4 25. Qg5 Rxc4 26. Nf1 Rc1 27. Qxc1 Bxd5 28. exd5 Qd6 29. Ne3 f6 30. g3 b5 31. f4 Kf7 32. fxe5 Qxe5 33. Bf4 Qe8 34. Qc5 Qd7 35. d6 Rd8 36. h4 Qe6 37. Nc2 Rd7 38. Qc6 Ra7 39. a4 Qd7 40. axb5 axb5 41. Qd5+ Kg7 42. h5 Qf5 43. h6+ Kf8 44. Qxf5 gxf5 45. Nb4 Kf7 46. Kf2 Ke6 47. Ke3 Ra4 48. Nc6 b4 49. Nd4+ Kd7 50. Kd3 1-0

[Event "WC-2014-S-00007"]
[Site "LSS email"]
[Date "2011.07.16"]
[Round "?"]
[White "Zielinski, Sergej"]
[Black "Noire, Eric"]
[Result "1/2-1/2"]
[WhiteElo "2147"]
[BlackElo "2422"]
[PlyCount "94"]
[EventDate "2011.07.22"]
[EventType "tourn (corr)"]
[EventRounds "6"]
[EventCountry "GER"]
[SourceTitle "Telechess CBM 153"]
[Source "ChessBase"]
[SourceDate "2013.03.14"]
[SourceVersion "1"]
[SourceVersionDate "2013.03.14"]
[SourceQuality "1"]

1. e4 c5 2. Nf3 d6 3. d4 cxd4 4. Nxd4 Nf6 5. Nc3 a6 6. Be3 e6 7. f3 b5 8. Qd2 Nbd7 9. g4 h6 10. 0-0-0 b4 11. Na4 Ne5 12. Qxb4 Bd7 13. Nc3 Qc7 14. Nb1 d5 15. Qc3 Qb8 16. Nd2 dxe4 17. Nxe4 Nxe4 18. fxe4 Bb4 19. Qb3 Nxg4 20. Kb1 0-0 21. Bg1 a5 22. a4 Nf6 23. Bb5 Rd8 24. Be3 Qe5 25. Rhg1 Bf8 26. Bxh6 Bxb5 27. Qxb5 Qxe4 28. Qg5 Rxd4 29. Rxd4 Qxd4 30. Bxg7 Qxg1+ 31. Qxg1 Bxg7 32. h4 Re8 33. h5 Nxh5 34. Qg5 Nf6 35. Qxa5 e5 36. Qe1 e4 37. a5 e3 38. a6 Ne4 39. a7 Bd4 40. Qg1+ Kf8 41. Qh2 e2 42. Qxe2 Bxa7 43. Qh2 Re6 44. Qh8+ Ke7 45. Qh4+ Kd7 46. Qh5 Nd6 47. c4 f5 1/2-1/2

[Event "LSS WC-2010-F-00002"]
[Site "LSS email"]
[Date "2010.11.17"]
[Round "?"]
[White "Ingersol, Harry"]
[Black "Noire, Eric"]
[Result "1-0"]
[WhiteElo "2391"]
[BlackElo "2419"]
[PlyCount "69"]
[EventDate "2010.11.23"]
[EventType "tourn (corr)"]
[EventRounds "10"]
[EventCountry "GER"]
[SourceTitle "Telechess CBM 155"]
[Source "ChessBase"]
[SourceDate "2013.07.16"]
[SourceVersion "1"]
[SourceVersionDate "2013.07.16"]
[SourceQuality "1"]

1. d4 d5 2. c4 c6 3. Nf3 Nf6 4. Nc3 e6 5. Bg5 h6 6. Bh4 dxc4 7. e4 g5 8. Bg3 b5 9. Be2 Bb7 10. 0-0 Nbd7 11. Ne5 Bb4 12. Nxd7 Nxd7 13. f4 Nf6 14. fxg5 hxg5 15. a4 a6 16. e5 Nd5 17. Bh5 Nxc3 18. bxc3 Bxc3 19. Bxf7+ Ke7 20. Qf3 Qxd4+ 21. Kh1 Bxa1 22. Qf6+ Kd7 23. Bxe6+ Kc7 24. Qg7+ Kb6 25. Bf2 Qxf2 26. Rxf2 Rad8 27. a5+ Ka7 28. Rf1 Bc3 29. h3 Ka8 30. Qc7 Rhe8 31. Rf5 g4 32. hxg4 Rd2 33. Kh2 Re2 34. Kh3 b4 35. Qd6 1-0

[Event "LSS WC-2010-F-00002"]
[Site "LSS email"]
[Date "2010.11.17"]
[Round "?"]
[White "Noire, Eric"]
[Black "Calugaru, Viorel"]
[Result "1-0"]
[WhiteElo "2419"]
[BlackElo "2368"]
[PlyCount "101"]
[EventDate "2010.11.23"]
[EventType "tourn (corr)"]
[EventRounds "10"]
[EventCountry "GER"]
[SourceTitle "Telechess CBM 155"]
[Source "ChessBase"]
[SourceDate "2013.07.16"]
[SourceVersion "1"]
[SourceVersionDate "2013.07.16"]
[SourceQuality "1"]

1. d4 Nf6 2. c4 e6 3. g3 c5 4. d5 d6 5. Nc3 exd5 6. cxd5 g6 7. Nf3 Bg7 8. Bg2 0-0 9. 0-0 a6 10. a4 Nbd7 11. Bf4 Qc7 12. Re1 Re8 13. e4 Ng4 14. Nd2 Nge5 15. Bf1 Rb8 16. Be3 h5 17. f3 Qd8 18. h3 c4 19. Nxc4 Nxc4 20. Bxc4 Nc5 21. Bf1 Bd7 22. Ra3 b5 23. axb5 axb5 24. b4 Na4 25. Bd4 Nb2 26. Qd2 Nc4 27. Bxc4 Bxd4+ 28. Qxd4 bxc4 29. Rb1 Qg5 30. Kf2 Bxh3 31. f4 Qe7 32. b5 Rb7 33. Ra4 Bg4 34. b6 Rc8 35. Rxc4 Rxc4 36. Qxc4 h4 37. Qd4 Qd8 38. e5 Bf5 39. Rb4 hxg3+ 40. Kxg3 g5 41. Kf3 Bg6 42. exd6 Qxd6 43. Rc4 Rb8 44. Rc6 Qd7 45. Kg3 Re8 46. f5 Qxf5 47. b7 Rb8 48. Rc7 g4 49. Kh2 g3+ 50. Kg2 Qh5 51. Rc8+ 1-0

[Event "LSS WC-2010-F-00002"]
[Site "LSS email"]
[Date "2010.11.17"]
[Round "?"]
[White "Noire, Eric"]
[Black "Starke, Rene Reiner"]
[Result "1-0"]
[WhiteElo "2442"]
[BlackElo "2432"]
[PlyCount "97"]
[EventDate "2010.11.23"]
[EventType "tourn (corr)"]
[EventRounds "10"]
[EventCountry "GER"]
[SourceTitle "Corr 2022"]
[Source "ChessBase"]
[SourceDate "2021.10.24"]
[SourceVersion "1"]
[SourceVersionDate "2021.10.24"]
[SourceQuality "1"]

1. d4 d5 2. c4 c6 3. Nf3 Nf6 4. e3 Bf5 5. Nc3 e6 6. Nh4 Bg6 7. Be2 Nbd7 8. 0-0 Bd6 9. g3 0-0 10. Bd2 Qe7 11. Rc1 dxc4 12. Nxg6 hxg6 13. Bxc4 e5 14. Qc2 Kh8 15. a3 Rad8 16. Ba2 e4 17. f3 exf3 18. Rxf3 c5 19. Rcf1 Rc8 20. Bc1 Bc7 21. g4 Nxg4 22. Rh3+ Nh6 23. e4 Bd8 24. Nd5 Qe6 25. Qg2 c4 26. e5 Kg8 27. Bb1 Qg4 28. Qxg4 Nxg4 29. Rg3 Ngxe5 30. dxe5 Nxe5 31. Be3 Nd7 32. Be4 Nf6 33. Bh1 b6 34. Bd4 Re8 35. a4 Re6 36. Re3 Rxe3 37. Nxe3 Nh5 38. Bd5 Bf6 39. Bxf6 gxf6 40. Bxc4 f5 41. b3 Kg7 42. Rd1 Re8 43. Nd5 Re4 44. Kf1 Kh6 45. Re1 Rh4 46. Re7 Rxh2 47. Kg1 Ra2 48. Rxa7 f6 49. b4 1-0

[Event "LSS WC-2010-F-00002"]
[Site "LSS email"]
[Date "2010.11.17"]
[Round "?"]
[White "Noire, Eric"]
[Black "Van Seben, Edgar"]
[Result "1/2-1/2"]
[WhiteElo "2419"]
[BlackElo "2426"]
[PlyCount "44"]
[EventDate "2010.11.23"]
[EventType "tourn (corr)"]
[EventRounds "10"]
[EventCountry "GER"]
[SourceTitle "Telechess CBM 155"]
[Source "ChessBase"]
[SourceDate "2013.07.16"]
[SourceVersion "1"]
[SourceVersionDate "2013.07.16"]
[SourceQuality "1"]

1. d4 Nf6 2. c4 e6 3. g3 c5 4. d5 exd5 5. cxd5 b5 6. Nf3 Bb7 7. e4 Nxe4 8. Bg2 Be7 9. 0-0 0-0 10. Re1 Nd6 11. Bf4 Na6 12. Nfd2 Nb4 13. Nc3 Nd3 14. Bxd6 Bxd6 15. Re3 c4 16. Nxb5 Bc5 17. Nxc4 Nxf2 18. Kxf2 Re8 19. Bf3 Qf6 20. Rc1 Bxe3+ 21. Nxe3 Qxb2+ 22. Be2 Qf6+ 1/2-1/2

[Event "LSS WC-2010-F-00002"]
[Site "LSS email"]
[Date "2010.11.17"]
[Round "?"]
[White "Perez, Brigiliano"]
[Black "Noire, Eric"]
[Result "1/2-1/2"]
[WhiteElo "2403"]
[BlackElo "2419"]
[PlyCount "69"]
[EventDate "2010.11.23"]
[EventType "tourn (corr)"]
[EventRounds "10"]
[EventCountry "GER"]
[SourceTitle "Telechess CBM 155"]
[Source "ChessBase"]
[SourceDate "2013.07.16"]
[SourceVersion "1"]
[SourceVersionDate "2013.07.16"]
[SourceQuality "1"]

1. e4 c6 2. d4 d5 3. Nc3 dxe4 4. Nxe4 Bf5 5. Ng3 Bg6 6. h4 h6 7. Nf3 Nd7 8. h5 Bh7 9. Bd3 Bxd3 10. Qxd3 e6 11. Bf4 Qa5+ 12. Bd2 Qc7 13. 0-0-0 Ngf6 14. Ne4 0-0-0 15. g3 Nxe4 16. Qxe4 Bd6 17. Kb1 Rhe8 18. Qe2 e5 19. Rhe1 e4 20. Nh4 Nf6 21. Nf5 Bf8 22. Bf4 Qd7 23. g4 Qe6 24. Rh1 Nd5 25. Be5 Nb4 26. b3 Nd5 27. Kb2 g6 28. hxg6 fxg6 29. Ne3 Rd7 30. Nxd5 Qxd5 31. c3 Rf7 32. Rde1 Rf3 33. Qc2 Bd6 34. Rxe4 Rxf2 35. Qxf2 1/2-1/2

[Event "LSS WC-2013-S-00001"]
[Site "LSS email"]
[Date "2010.07.20"]
[Round "?"]
[White "Anderskewitz, Ralf"]
[Black "Noire, Eric"]
[Result "1/2-1/2"]
[WhiteElo "2266"]
[BlackElo "2234"]
[PlyCount "54"]
[EventDate "2010.07.25"]
[EventType "tourn (corr)"]
[EventRounds "10"]
[EventCountry "GER"]
[SourceTitle "Telechess CBM 159"]
[Source "ChessBase"]
[SourceDate "2014.03.17"]
[SourceVersion "1"]
[SourceVersionDate "2014.03.17"]
[SourceQuality "1"]

1. e4 c6 2. d4 d5 3. e5 Bf5 4. Nf3 e6 5. Be2 Nd7 6. 0-0 h6 7. Nbd2 Ne7 8. c3 g5 9. Re1 Bg6 10. b4 a5 11. b5 c5 12. Bb2 Bg7 13. a4 0-0 14. Rc1 Rc8 15. Ba3 Re8 16. h3 Nf5 17. g4 Ne7 18. h4 gxh4 19. Nxh4 h5 20. gxh5 Nf5 21. hxg6 Qxh4 22. gxf7+ Kxf7 23. Bh5+ Ke7 24. dxc5 Rg8 25. c6+ Kd8 26. Bf7 Qh3 27. Qf3 Bxe5+ 1/2-1/2

[Event "LSS WC-2011-T-00003"]
[Site "LSS email"]
[Date "2010.06.10"]
[Round "?"]
[White "Bergmann, Michael"]
[Black "Noire, Eric"]
[Result "1/2-1/2"]
[WhiteElo "2457"]
[BlackElo "2393"]
[PlyCount "55"]
[EventDate "2010.06.15"]
[EventType "tourn (corr)"]
[EventRounds "10"]
[EventCountry "GER"]
[SourceTitle "Telechess CBM 143"]
[Source "ChessBase"]
[SourceDate "2011.07.15"]
[SourceVersion "1"]
[SourceVersionDate "2011.07.15"]
[SourceQuality "1"]

1. e4 c5 2. Nf3 Nc6 3. d4 cxd4 4. Nxd4 g6 5. Nc3 Bg7 6. Be3 Nf6 7. Bc4 Qa5 8. 0-0 0-0 9. h3 d6 10. Bb3 Bd7 11. Re1 Rac8 12. Qd2 Rfe8 13. Rad1 Nh5 14. a3 Nxd4 15. Bxd4 Bc6 16. Qe3 Bxd4 17. Rxd4 Qe5 18. Nd5 Bxd5 19. exd5 Qxe3 20. Rxe3 Kf8 21. g4 Nf6 22. g5 Nh5 23. c3 Rc5 24. h4 Ng7 25. Bc2 Rec8 26. Bd3 a5 27. Rf3 Kg8 28. Kg2 1/2-1/2

[Event "LSS WC-2011-T-00003"]
[Site "LSS email"]
[Date "2010.06.10"]
[Round "?"]
[White "Mueller Alves, Martin"]
[Black "Noire, Eric"]
[Result "1/2-1/2"]
[WhiteElo "2307"]
[BlackElo "2378"]
[PlyCount "40"]
[EventDate "2010.06.15"]
[EventType "tourn (corr)"]
[EventRounds "10"]
[EventCountry "GER"]
[SourceTitle "Telechess CBM 151"]
[Source "ChessBase"]
[SourceDate "2012.11.13"]
[SourceVersion "1"]
[SourceVersionDate "2012.11.13"]
[SourceQuality "1"]

1. e4 c5 2. Nf3 Nc6 3. d4 cxd4 4. Nxd4 g6 5. Nc3 Bg7 6. Be3 Nf6 7. Bc4 Qa5 8. 0-0 0-0 9. Bb3 d6 10. h3 Bd7 11. f4 Nxd4 12. Bxd4 Bc6 13. Qd3 Nd7 14. Rad1 Bxd4+ 15. Qxd4 Qc5 16. Nd5 Bxd5 17. Bxd5 Rac8 18. c3 a5 19. a3 b5 20. Qf2 Qxf2+ 1/2-1/2

[Event "LSS ST-2010-0-00073"]
[Site "LSS email"]
[Date "2010.05.30"]
[Round "?"]
[White "Ingersol, Harry"]
[Black "Noire, Eric"]
[Result "1/2-1/2"]
[WhiteElo "2409"]
[BlackElo "2382"]
[PlyCount "46"]
[EventDate "2010.02.12"]
[EventType "tourn (corr)"]
[EventRounds "6"]
[EventCountry "GER"]
[SourceTitle "Telechess CBM 141"]
[Source "ChessBase"]
[SourceDate "2011.03.17"]
[SourceVersion "1"]
[SourceVersionDate "2011.03.17"]
[SourceQuality "1"]

1. d4 Nf6 2. c4 g6 3. g3 c5 4. d5 b5 5. cxb5 a6 6. bxa6 Bg7 7. Nc3 d6 8. Nf3 Qa5 9. Bd2 0-0 10. Rb1 Nbd7 11. b3 Qa3 12. Bg2 Nb6 13. 0-0 Nfxd5 14. Nxd5 Nxd5 15. Bc1 Qxa2 16. Qxd5 Be6 17. Qd3 c4 18. bxc4 Bxc4 19. Qe3 Qxb1 20. Nd2 Qa2 21. Nxc4 Qxc4 22. Bxa8 Rxa8 23. Qxe7 Qxa6 1/2-1/2